00991nam a2200265 i 4500001001000000003000900010005001700019007000300036008004100039020001800080040003000098082002000128100005400148245008500202264004500287300002700332336002700359337003300386338002800419500006300447500003700510500009400547504002900641600005500670000045946DO-SdBNP20240418133334.0ta150526s2015 dr 000 0 spa d a9789945082050 aDO-SdBNPbspacBNPHUerda a110bF475me2221 aFigueroa Encarnación, Honécimo,d1964-eautor13aLa metafísica de Santo Tomás de Aquino /cHonécimo Figueroa Encarnación. 1aSanto Domingo :bAmigo del Hogar,c2015. a[28] páginasc27 cm. 2rdacontentatextobtxt 2rdamediaasin mediaciónbn 2rdacarrieravolumenbnc aIncluye datos biográficos del autor en la contracubierta aIncluye notas a pie de páginas aEl ejemplar número 2 tiene un error de fabrica (falta la hoja con los datos del libro). aBibliografía : p. [28]14aTomás de Aquino,cSantod1225-1274xMetafísica